00509nam a2200169Ia 4500008004100000020001500041082001500056100002800071245003500099260003000134300001300164500002400177650001200201942000700213952010400220999001500324230524s9999 xx 000 0 und d a9814066249 a5.453bMUC aSteven S.Muchnick93312 0aCompiler Design Implementation aSINGAPOREbHarcourtc2000 aXXIX;856 aQuantity Number: 1 aComp-Sc cBK 00104070aTATCLbTATCLcGENd2023-05-24l0o5.453 MUCp7924r2023-05-24w2023-05-24yBKzPCCS4305 c5332d5332